|
|
|
|
| LEADER |
00000nab a22000001a 4500 |
| 001 |
vtls010302982 |
| 003 |
SK-MaSNL |
| 005 |
20260305021506.0 |
| 008 |
110811d19260516xo |r|p|||| |000 b|slo |
| 015 |
|
|
|a SNBRRBVU1918-1938
|
| 038 |
|
|
|a SNKBUCL
|
| 038 |
|
|
|a SNKBUVU
|
| 040 |
|
|
|a SNKBUVU
|b slo
|c SNKBUCL
|e AACR2
|
| 041 |
0 |
|
|a slo
|
| 044 |
|
|
|a xo
|c SK
|
| 080 |
|
|
|a 72.071.1
|2 1997
|
| 080 |
|
|
|a 726.82
|2 1997
|
| 245 |
0 |
0 |
|a Stavba pomníku gen. Štefánikovi na Bradle zahájená
|
| 500 |
|
|
|a V rubrike Chýrnik
|
| 600 |
1 |
7 |
|a Jurkovič, Dušan,
|d 1868-1947
|2 MM
|9 52485
|
| 600 |
1 |
7 |
|a Štefánik, Milan Rastislav,
|d 1880-1919
|2 MM
|9 86219
|
| 650 |
0 |
7 |
|a slovenská architektúra
|2 MM
|9 2967
|
| 650 |
0 |
7 |
|a mohyly
|2 MM
|9 27573
|
| 650 |
0 |
7 |
|a Mohyla M. R. Štefánika (Brezová pod Bradlom, Slovensko)
|2 snkbucl
|9 85820
|
| 651 |
|
7 |
|a Bradlo (Myjavská pahorkatina, Slovensko : vrch)
|2 MM
|9 212183
|
| 773 |
0 |
|
|t Slovenská politika
|g Roč. 7, č. 112 (16.5.1926), s. 4
|
| 852 |
|
|
|a SNK
|b KIS3GCP
|
| 910 |
|
|
|a snkrbvumm
|
| 958 |
|
|
|a VY
|
| 999 |
|
|
|c 3286366
|d 3288296
|